| Tag |
First Indicator |
Second Indicator |
Subfields |
| LEADER |
00000cam a2200000 a 4500 |
| 001 |
in00000076592 |
| 005 |
20151008053722.0 |
| 008 |
781213s1977 caua b 00010 eng d |
| 035 |
|
|
|a (OCoLC)04448402
|
| 035 |
|
|
|9 AAH8409AM
|
| 040 |
|
|
|a DRB
|c DRB
|d m.c.
|d TXA
|d UtOrBLW
|
| 043 |
|
|
|a n-us-pa
|
| 049 |
|
|
|a TXAM
|c [1480758]
|
| 090 |
|
|
|a LB2341.6.P4
|b J63
|
| 100 |
1 |
|
|a Johansen, Robert.
|
| 245 |
1 |
0 |
|a Alternative futures and postsecondary education in Pennsylvania :
|b a context document preceding the master plan for higher education in Pennsylvania /
|c Robert Johansen, Maureen McNulty.
|
| 264 |
|
1 |
|a Menlo Park, Calif. :
|b Institute for the Future,
|c 1977.
|
| 300 |
|
|
|a xii, 176 pages :
|b illustrations ;
|c 28 cm.
|
| 336 |
|
|
|a text
|b txt
|2 rdacontent
|
| 337 |
|
|
|a unmediated
|b n
|2 rdamedia
|
| 338 |
|
|
|a volume
|b nc
|2 rdacarrier
|
| 490 |
1 |
|
|a Report / Institute for the Future ;
|v R-39
|
| 504 |
|
|
|a Includes bibliographical references.
|
| 650 |
|
0 |
|a Education, Higher
|z Pennsylvania.
|
| 650 |
|
0 |
|a Educational planning
|z Pennsylvania.
|
| 700 |
1 |
|
|a McNulty, Maureen.
|
| 830 |
|
0 |
|a Report (Institute for the Future) ;
|v R-39.
|
| 999 |
|
|
|a MARS
|
| 999 |
f |
f |
|s 500665ad-bb4e-3ce9-89b2-d7c56833ac9d
|i be1a50dd-c5ec-3b7d-a616-a5a99682b5f6
|t 0
|
| 952 |
f |
f |
|p normal
|a Texas A&M University
|b College Station
|c Sterling C. Evans Library
|d Evans: Library Stacks
|t 0
|e LB2341.6.P4 J63
|h Library of Congress classification
|i unmediated -- volume
|m A14806161738
|
| 998 |
f |
f |
|a LB2341.6.P4 J63
|t 0
|l Evans: Library Stacks
|